| 000 | 00758cam a2200265 i 4500 | ||
|---|---|---|---|
| 008 | |||
| 020 | _a0443015880 (pbk.) | ||
| 049 | _aMAIN | ||
| 090 | 0 |
_aRC154 _bBRY |
|
| 100 | 1 | _aBryceson, Anthony. | |
| 245 | 1 | 0 |
_aLeprosy / _cAnthony Bryceson and Roy E. Pfaltzgraff. |
| 250 | _a2d ed. | ||
| 260 |
_aEdinburgh : _bDistributed by Longman, _c1979. |
||
| 300 |
_avii, 155 p. : _bill. ; _c22 cm. |
||
| 490 | 0 | _aMedicine in the tropics. | |
| 500 | _aIncludes index. | ||
| 504 | _aIncludes bibliographical references. | ||
| 650 | 0 | _aLeprosy. | |
| 700 | 1 | _aPfaltzgraff, Roy E. | |
| 907 |
_a.b10327435 _b10-04-13 _c19-02-13 |
||
| 003 | |||
| 005 | 20230120204119.0 | ||
| 040 | _cNUST | ||
| 942 |
_cBOOKS _kRC154 _mBRY |
||
| 999 |
_c117339 _d117339 |
||